Analyzing demand behavior : a study of energy elasticities /

Bibliographic Details
Main Author: Bohi, Douglas R.
Corporate Author: Resources for the Future
Format: Book
Language:English
Published: Baltimore : Published for Resources for the Future by the Johns Hopkins University Press, [1981]
Subjects:

MARC

Tag First Indicator Second Indicator Subfields
LEADER 00000pam a2200000 a 4500
001 in00000090975
005 20151008063839.0
008 810724s1981 mdu b 00110 eng
010 |a  81047616  
020 |a 0801827051 :  |c $19.50 
035 |a (OCoLC)07671281 
035 |9 AAK3042AM 
039 0 |a 2  |b 3  |c 3  |d 3  |e 3 
040 |a DLC  |c DLC  |d TXA  |d UtOrBLW 
049 |a TXAM  |c [1361748] 
050 0 0 |a HD9502.A2  |b B65 
082 0 |a 333.79/12/0724  |2 19 
100 1 |a Bohi, Douglas R. 
245 1 0 |a Analyzing demand behavior :  |b a study of energy elasticities /  |c Douglas R. Bohi. 
264 1 |a Baltimore :  |b Published for Resources for the Future by the Johns Hopkins University Press,  |c [1981] 
264 4 |c ©1981 
300 |a xiv, 177 pages ;  |c 24 cm. 
336 |a text  |b txt  |2 rdacontent 
337 |a unmediated  |b n  |2 rdamedia 
338 |a volume  |b nc  |2 rdacarrier 
500 |a Includes index. 
504 |a Bibliography: pages 165-172. 
650 0 |a Energy consumption  |x Mathematical models. 
650 0 |a Power resources  |x Prices  |x Mathematical models. 
650 0 |a Elasticity (Economics)  |x Mathematical models. 
710 2 |a Resources for the Future. 
999 |a MARS 
999 f f |s afa854ef-59b4-3b67-b3b5-c2c433e60a53  |i febfadbf-3bfa-396e-ac8a-482bd7c99cd0  |t 0 
952 f f |p ric  |a Texas A&M University  |b Rellis Campus  |c Joint Library Facility  |d Remote Storage  |t 0  |e HD9502.A2 B65  |h Library of Congress classification  |i unmediated -- volume  |m A14806130541 
998 f f |a HD9502.A2 B65  |t 0  |l Remote Storage